000 00407nam a22001577a 4500
008 220321b ||||| |||| 00| 0 eng d
020 _a9788192077819
082 _a824
_bGUH
100 _aGupta R.K.
245 _aHeidegger on Kant's First Critique and other Essays
_b
_cBy R.K. Gupta
260 _aDelhi
_bApple Books
_c2011
300 _a223p.
650 _aENGLISH
942 _cBK
999 _c42393
_d42393
041 _aeng